Tenniste a podio ai Giochi Olimpici - Statistics

Statistiche generali
  • Questo quiz è stato fatto 3 volte
  • Il punteggio medio è 13 su 29
Statistiche sulle risposte
Edizione Risultato Nazione Tennista % Corretto
2020 Medaglia d'Oro Svizzera Belinda Bencic
100%
2020 Medaglia di Bronzo Ucraina Elina Svitolina
100%
2012 Medaglia d'Argento Russia Marija Sharapova
100%
2012 Medaglia d'Oro Stati Uniti Serena Williams
100%
1988 Medaglia d'Oro Germania Ovest Steffi Graf
100%
1992 Medaglia d'Argento Germania Steffi Graf
100%
2004 Medaglia d'Argento Francia Amélie Mauresmo
50%
2016 Medaglia d'Argento Germania Angelique Kerber
50%
1992 Medaglia di Bronzo Spagna Arantxa Sánchez Vicario
50%
1996 Medaglia d'Argento Spagna Arantxa Sánchez Vicario
50%
2008 Medaglia d'Argento Russia Dinara Safina
50%
1988 Medaglia d'Argento Argentina Gabriela Sabatini
50%
1996 Medaglia di Bronzo Repubblica Ceca Jana Novotná
50%
1992 Medaglia d'Oro Stati Uniti Jennifer Capriati
50%
2004 Medaglia d'Oro Belgio Justine Henin
50%
1996 Medaglia d'Oro Stati Uniti Lindsay Davenport
50%
2020 Medaglia d'Argento Repubblica Ceca Markéta Vondroušová
50%
2000 Medaglia di Bronzo Stati Uniti Monica Seles
50%
2016 Medaglia di Bronzo Repubblica Ceca Petra Kvitová
50%
2000 Medaglia d'Oro Stati Uniti Venus Williams
50%
2004 Medaglia di Bronzo Australia Alicia Molik
0%
2000 Medaglia d'Argento Russia Elena Dement'eva
0%
2008 Medaglia d'Oro Russia Elena Dement'eva
0%
1988 Medaglia di Bronzo Bulgaria Manuela Maleeva
0%
1992 Medaglia di Bronzo Stati Uniti Mary Joe Fernández
0%
2016 Medaglia d'Oro Porto Rico Mónica Puig
0%
2008 Medaglia di Bronzo Russia Vera Zvonarëva
0%
2012 Medaglia di Bronzo Bielorussia Viktoryja Azaranka
0%
1988 Medaglia di Bronzo Stati Uniti Zina Garrison
0%
Nessun quiz corrispondente trovato
Distribuzione punteggi
Percentuale di utenti per punteggio
Percentile per numero di risposta
I tuoi punteggi nel tempo
Non hai fatto questo quiz